000 00495nam a2200181Ia 4500
008 100920s9999 xx 000 0 und d
082 _b77241
_a28 व 13 0
100 _aMehta Chandralekha.
245 _aOUR NEIGHTBOURS.
260 _bChildrens Book Trust ,New Delhi.
_c0
300 _a39
_bसाधी
365 _b19
520 _aबा.वि.टी.अे.
630 _aOUR NEIGHTBOURS.
650 _aबा.वि.टी.अे.
730 _aOUR NEIGHTBOURS.
942 _cBOOK
999 _c718538
_d718535